| 000 | 00443nam a2200157 i 4500 | ||
|---|---|---|---|
| 001 | 89749 | ||
| 003 | ES-MaACL | ||
| 005 | 20230906180248.0 | ||
| 007 | t| | ||
| 008 | 050112s1933 au ||||1| ger d | ||
| 100 | 1 |
_aLauda, Ernst. _970584 |
|
| 245 | 1 | 4 |
_aDie normale und pathologische Physiologie der Milz / _cErnst Lauda. |
| 260 |
_aWien : _bUrban und Schwarzenberg, _c1933. |
||
| 300 |
_aVIII, 280 p. ; _c25 cm. |
||
| 852 |
_aES-MaACL _jA-3635 |
||
| 999 |
_c89749 _d89749 |
||